[Event "SA-2019-0-00677"]
[Site "LSS email"]
[Date "2019.03.27"]
[Round "?"]
[White "Steinke, Ruediger"]
[Black "Sukhanov, Sergey"]
[Result "1/2-1/2"]
[WhiteElo "2310"]
[BlackElo "2164"]
[PlyCount "73"]
[EventDate "2019.03.16"]
[EventType "tourn (corr)"]
[EventRounds "6"]
[EventCountry "GER"]
[SourceTitle "Corr 2022"]
[Source "ChessBase"]
[SourceDate "2021.10.24"]
[SourceVersion "1"]
[SourceVersionDate "2021.10.24"]
[SourceQuality "1"]

1. e4 Nc6 2. Nf3 e5 3. Bb5 Nf6 4. d3 Bc5 5. c3 d5 6. Nbd2 dxe4 7. dxe4 0-0 8. Bxc6 bxc6 9. 0-0 Qe7 10. h3 a5 11. Re1 Rd8 12. Qa4 Nd7 13. Nf1 Nb6 14. Qxc6 Bd7 15. Qxc7 f6 16. Be3 Bd6 17. Qxb6 Rdb8 18. Qb3+ Rxb3 19. axb3 Bc6 20. N3d2 Qb7 21. f3 Bc7 22. Bf2 Rd8 23. Red1 g6 24. Ne3 Rd7 25. Nec4 f5 26. exf5 gxf5 27. Nxa5 Bxa5 28. Rxa5 Qb8 29. b4 Qd8 30. Rxe5 Rxd2 31. Rxd2 Qxd2 32. b5 Bb7 33. Rxf5 Qxb2 34. Rc5 Kf8 35. Bd4 Qc1+ 36. Kh2 h6 37. b6 1/2-1/2

[Event "CP-2018-P-00011"]
[Site "LSS email"]
[Date "2018.09.27"]
[Round "?"]
[White "Loktaev, Val"]
[Black "Sukhanov, Sergey"]
[Result "1/2-1/2"]
[WhiteElo "2082"]
[BlackElo "2161"]
[PlyCount "39"]
[EventDate "2018.10.01"]
[EventType "tourn (corr)"]
[EventRounds "6"]
[EventCountry "GER"]
[SourceTitle "Corr 2022"]
[Source "ChessBase"]
[SourceDate "2021.10.24"]
[SourceVersion "1"]
[SourceVersionDate "2021.10.24"]
[SourceQuality "1"]

1. d4 Nf6 2. c4 g6 3. Nc3 d5 4. cxd5 Nxd5 5. e4 Nxc3 6. bxc3 Bg7 7. Bc4 c5 8. Ne2 Nc6 9. Be3 0-0 10. 0-0 Qc7 11. Rc1 b6 12. Qd2 Bb7 13. Rfd1 Na5 14. Bd3 Rad8 15. Bg5 Rd7 16. Bh6 e5 17. Bxg7 Kxg7 18. Qe3 Qd8 19. Bb5 Bc6 20. Bxc6 1/2-1/2

[Event "WC-2018-S-00003"]
[Site "LSS email"]
[Date "2018.07.11"]
[Round "?"]
[White "Salzmann, Stefan"]
[Black "Sukhanov, Sergey"]
[Result "1-0"]
[WhiteElo "2214"]
[BlackElo "2161"]
[PlyCount "59"]
[EventDate "2018.07.15"]
[EventType "tourn (corr)"]
[EventRounds "12"]
[EventCountry "GER"]
[SourceTitle "Corr 2024"]
[Source "ChessBase"]
[SourceDate "2023.10.19"]
[SourceVersion "1"]
[SourceVersionDate "2023.10.19"]
[SourceQuality "1"]

1. d4 Nf6 2. c4 g6 3. Nc3 d5 4. Nf3 Bg7 5. Qb3 dxc4 6. Qxc4 0-0 7. e4 a6 8. Be2 b5 9. Qb3 Nc6 10. e5 Be6 11. exf6 Bxb3 12. fxg7 Kxg7 13. axb3 Nxd4 14. Nxd4 Qxd4 15. 0-0 Qb4 16. Bf3 a5 17. Nd5 Qxb3 18. Ra3 Qc4 19. Rc3 Qa4 20. Nxe7 Rad8 21. Ra3 Qc4 22. Nc6 Rd6 23. Nxa5 Qd4 24. Rc3 Qf6 25. Nb7 Rd4 26. Rc6 Qe7 27. Be3 Rd3 28. Bf4 g5 29. Rxc7 Qf6 30. Be3 1-0

[Event "WC-2018-S-00003"]
[Site "LSS email"]
[Date "2018.07.11"]
[Round "?"]
[White "Sukhanov, Sergey"]
[Black "Egorov, Vladimir Al"]
[Result "1-0"]
[WhiteElo "2161"]
[BlackElo "2062"]
[PlyCount "59"]
[EventDate "2018.07.15"]
[EventType "tourn (corr)"]
[EventRounds "12"]
[EventCountry "GER"]
[SourceTitle "Corr 2024"]
[Source "ChessBase"]
[SourceDate "2023.10.19"]
[SourceVersion "1"]
[SourceVersionDate "2023.10.19"]
[SourceQuality "1"]

1. d4 Nf6 2. c4 e6 3. Nc3 Bb4 4. f3 c5 5. d5 d6 6. e4 0-0 7. Nge2 exd5 8. cxd5 b5 9. Ng3 a6 10. a4 Bxc3+ 11. bxc3 Qa5 12. Bd2 bxa4 13. Be2 Nbd7 14. c4 Qd8 15. Qxa4 h5 16. Qc6 Rb8 17. Qxd6 Rb6 18. Qf4 Re8 19. Ba5 Qe7 20. Nf5 Qe5 21. Qxe5 Rxe5 22. Bxb6 Nxb6 23. Nd6 Re7 24. Kf2 Ne8 25. Rhb1 Nxd6 26. Rxb6 Rd7 27. e5 Nf5 28. Rb8 Rd8 29. Rxa6 g6 30. Raa8 1-0

[Event "WC-2018-S-00003"]
[Site "LSS email"]
[Date "2018.07.11"]
[Round "?"]
[White "Tylecek, Drahomir"]
[Black "Sukhanov, Sergey"]
[Result "0-1"]
[WhiteElo "2153"]
[BlackElo "2161"]
[PlyCount "82"]
[EventDate "2018.07.15"]
[EventType "tourn (corr)"]
[EventRounds "12"]
[EventCountry "GER"]
[SourceTitle "Corr 2024"]
[Source "ChessBase"]
[SourceDate "2023.10.19"]
[SourceVersion "1"]
[SourceVersionDate "2023.10.19"]
[SourceQuality "1"]

1. e4 Nc6 2. Nf3 e5 3. Bb5 Nf6 4. d3 Bc5 5. Bxc6 dxc6 6. 0-0 Nd7 7. Nbd2 0-0 8. Nc4 Re8 9. Bd2 f6 10. b4 Bf8 11. a4 c5 12. b5 g6 13. h3 Bg7 14. Qb1 Nf8 15. Qb3 Be6 16. Be3 Qe7 17. Qc3 b6 18. a5 Bf7 19. Qb3 Qd7 20. Rfb1 Ne6 21. Qb2 Rac8 22. Kh2 Nd4 23. Nfd2 f5 24. Ra3 h6 25. Ra4 Re7 26. Raa1 Kh7 27. Ra3 Rd8 28. f3 Qe8 29. Raa1 Bf6 30. Bf2 f4 31. Kh1 Kh8 32. Ra2 g5 33. axb6 axb6 34. Ra6 Kg7 35. Nb3 h5 36. Nxd4 cxd4 37. Qb4 g4 38. Qe1 Red7 39. Rba1 Be6 40. Qe2 Kh7 41. g3 h4 0-1

[Event "RA-2018-0-00560"]
[Site "LSS email"]
[Date "2018.01.09"]
[Round "?"]
[White "Sukhanov, Sergey"]
[Black "Ress, Jacques"]
[Result "1/2-1/2"]
[WhiteElo "2150"]
[BlackElo "2289"]
[PlyCount "56"]
[EventDate "2017.12.16"]
[EventType "tourn (corr)"]
[EventRounds "6"]
[EventCountry "GER"]
[SourceTitle "Corr 2022"]
[Source "ChessBase"]
[SourceDate "2021.10.24"]
[SourceVersion "1"]
[SourceVersionDate "2021.10.24"]
[SourceQuality "1"]

1. d4 d5 2. c4 c6 3. Nc3 Nf6 4. Nf3 e6 5. Bg5 h6 6. Bh4 dxc4 7. e4 g5 8. Bg3 b5 9. h4 g4 10. Ne5 Nbd7 11. Nxc6 Qb6 12. d5 Bb7 13. a4 a6 14. Be2 Bxc6 15. dxc6 Qxc6 16. axb5 axb5 17. Rxa8+ Qxa8 18. 0-0 Qc6 19. e5 Ne4 20. Nxe4 Qxe4 21. h5 Nxe5 22. b3 Bc5 23. bxc4 bxc4 24. Qb1 Qxb1 25. Rxb1 Bd6 26. Rb5 c3 27. Bxe5 c2 28. Bb2 0-0 1/2-1/2

[Event "SA-2017-0-00616"]
[Site "LSS email"]
[Date "2017.12.23"]
[Round "?"]
[White "Sukhanov, Sergey"]
[Black "Wisham, Clyde"]
[Result "1/2-1/2"]
[WhiteElo "2148"]
[BlackElo "2154"]
[PlyCount "66"]
[EventDate "2017.12.06"]
[EventType "tourn (corr)"]
[EventRounds "6"]
[EventCountry "GER"]
[SourceTitle "Corr 2022"]
[Source "ChessBase"]
[SourceDate "2021.10.24"]
[SourceVersion "1"]
[SourceVersionDate "2021.10.24"]
[SourceQuality "1"]

1. e4 Nc6 2. Nf3 e5 3. Bb5 a6 4. Ba4 Nf6 5. 0-0 Be7 6. Re1 b5 7. Bb3 d6 8. c3 0-0 9. h3 Na5 10. Bc2 c5 11. d4 cxd4 12. cxd4 exd4 13. Nxd4 Bb7 14. Nf5 Re8 15. Nc3 Bf8 16. Qf3 h6 17. Rd1 Re6 18. Nd4 Re8 19. Nd5 Rc8 20. Nxf6+ Qxf6 21. Qxf6 gxf6 22. Bd3 Bxe4 23. Bxe4 Rxe4 24. Nf5 Kh7 25. Be3 Kg6 26. g4 Nc4 27. Bd4 Ree8 28. Kg2 d5 29. Nh4+ Kh7 30. Nf5 Re2 31. b3 Nd6 32. Kf3 Rcc2 33. Ng3 Re8 1/2-1/2

[Event "WC-2017-S-00008"]
[Site "LSS email"]
[Date "2017.05.17"]
[Round "?"]
[White "Sukhanov, Sergey"]
[Black "Tyutyunnik, Roman"]
[Result "1-0"]
[WhiteElo "2102"]
[BlackElo "2088"]
[PlyCount "69"]
[EventDate "2017.06.01"]
[EventType "tourn (corr)"]
[EventRounds "12"]
[EventCountry "GER"]
[SourceTitle "Corr 2024"]
[Source "ChessBase"]
[SourceDate "2023.10.19"]
[SourceVersion "1"]
[SourceVersionDate "2023.10.19"]
[SourceQuality "1"]

1. d4 Nf6 2. c4 g6 3. Nc3 Bg7 4. Nf3 0-0 5. e4 d6 6. h3 e5 7. d5 a5 8. g4 Na6 9. Be3 Nd7 10. a3 Nac5 11. Rg1 a4 12. Nd2 c6 13. Qc2 Nb6 14. 0-0-0 Bd7 15. Kb1 Rc8 16. Be2 cxd5 17. exd5 f5 18. h4 Qc7 19. h5 Nb3 20. c5 Nxc5 21. hxg6 h6 22. Rc1 e4 23. Qd1 fxg4 24. Ndxe4 Nb3 25. Rc2 Bf5 26. Bxg4 Bxe4 27. Be6+ Kh8 28. Nxe4 Qxc2+ 29. Qxc2 Rxc2 30. Kxc2 Nc4 31. Rg2 b5 32. Ng3 Nxe3+ 33. fxe3 Nc5 34. Bf7 b4 35. axb4 1-0

[Event "WC-2017-P-00017"]
[Site "LSS email"]
[Date "2017.01.23"]
[Round "?"]
[White "Canizares Cuadra, Pedro"]
[Black "Sukhanov, Sergey"]
[Result "1-0"]
[WhiteElo "2317"]
[BlackElo "2099"]
[PlyCount "159"]
[EventDate "2017.02.01"]
[EventType "tourn (corr)"]
[EventRounds "12"]
[EventCountry "GER"]
[SourceTitle "Corr 2022"]
[Source "ChessBase"]
[SourceDate "2021.10.24"]
[SourceVersion "1"]
[SourceVersionDate "2021.10.24"]
[SourceQuality "1"]

1. e4 Nc6 2. Nf3 d6 3. d4 g6 4. d5 Ne5 5. Nxe5 dxe5 6. c4 e6 7. Nc3 f5 8. h4 h6 9. Qe2 Bg7 10. Bd2 Nf6 11. exf5 gxf5 12. 0-0-0 0-0 13. Qxe5 Ne4 14. Qf4 exd5 15. cxd5 Nxd2 16. Qxd2 Bd7 17. d6 Rc8 18. dxc7 Rxc7 19. Bc4+ Kh8 20. Be6 Qe7 21. Bxd7 Rd8 22. Rhe1 Qxd7 23. Qe3 Qc8 24. Kb1 Rxd1+ 25. Rxd1 Kh7 26. Nd5 Rf7 27. f3 b5 28. h5 Qc4 29. Nf4 Rc7 30. Qd2 a6 31. Nd5 Rf7 32. g3 a5 33. Qc2 a4 34. f4 Qe4 35. Qxe4 fxe4 36. Kc2 b4 37. g4 a3 38. b3 Bc3 39. Rh1 Bb2 40. Re1 Rd7 41. Nxb4 Rc7+ 42. Kb1 Rg7 43. Rxe4 Rxg4 44. Nd3 Bg7 45. b4 Rh4 46. Re7 Rxh5 47. Kc2 Rf5 48. Kb3 h5 49. Re3 Kg6 50. Rh3 Bf6 51. Kxa3 h4 52. Kb3 Kh5 53. a4 Kg4 54. Nf2+ Kxf4 55. a5 Kg5 56. Ne4+ Kg4 57. Rd3 Be5 58. a6 Bb8 59. Rd8 Ba7 60. Rd7 Be3 61. a7 Rf8 62. Rg7+ Kf5 63. Rf7+ Kxe4 64. Rxf8 Bxa7 65. b5 Bg1 66. Rf1 Bb6 67. Kc4 Ke5 68. Rf7 Bg1 69. Rg7 Be3 70. Rg4 Bf2 71. Rg2 Bg3 72. b6 Kf5 73. Kd5 Bb8 74. Rf2+ Kg4 75. Rf8 Bg3 76. Ke4 h3 77. Rg8+ Kh4 78. Kf5 Bd6 79. Rg6 Bh2 80. b7 1-0

[Event "WC-2017-P-00017"]
[Site "LSS email"]
[Date "2017.01.23"]
[Round "?"]
[White "Esin, Maxim"]
[Black "Sukhanov, Sergey"]
[Result "1/2-1/2"]
[WhiteElo "2215"]
[BlackElo "2099"]
[PlyCount "57"]
[EventDate "2017.02.01"]
[EventType "tourn (corr)"]
[EventRounds "12"]
[EventCountry "GER"]
[SourceTitle "Corr 2022"]
[Source "ChessBase"]
[SourceDate "2021.10.24"]
[SourceVersion "1"]
[SourceVersionDate "2021.10.24"]
[SourceQuality "1"]

1. d4 Nf6 2. c4 g6 3. Nf3 Bg7 4. Nc3 d5 5. cxd5 Nxd5 6. e4 Nxc3 7. bxc3 c5 8. Be3 Qa5 9. Qd2 Nc6 10. Rb1 a6 11. Rc1 cxd4 12. cxd4 Qxd2+ 13. Kxd2 f5 14. e5 0-0 15. Bc4+ e6 16. Ke2 Bd7 17. Ng5 Rfe8 18. g4 h6 19. gxf5 hxg5 20. f6 Bf8 21. Bd3 Nb4 22. Bxg6 Rec8 23. Rxc8 Rxc8 24. Rg1 Be8 25. Bxe8 Rxe8 26. h4 g4 27. Rxg4+ Kh7 28. Rg5 Nxa2 29. Kf3 1/2-1/2

[Event "WC-2017-P-00017"]
[Site "LSS email"]
[Date "2017.01.23"]
[Round "?"]
[White "Sukhanov, Sergey"]
[Black "Canizares Cuadra, Pedro"]
[Result "1/2-1/2"]
[WhiteElo "2099"]
[BlackElo "2317"]
[PlyCount "124"]
[EventDate "2017.02.01"]
[EventType "tourn (corr)"]
[EventRounds "12"]
[EventCountry "GER"]
[SourceTitle "Corr 2022"]
[Source "ChessBase"]
[SourceDate "2021.10.24"]
[SourceVersion "1"]
[SourceVersionDate "2021.10.24"]
[SourceQuality "1"]

1. d4 d5 2. c4 e6 3. Nc3 c6 4. Nf3 Nf6 5. Bg5 dxc4 6. e4 b5 7. e5 h6 8. Bh4 g5 9. Nxg5 hxg5 10. Bxg5 Be7 11. exf6 Bxf6 12. Bxf6 Qxf6 13. g3 Na6 14. Bg2 Bb7 15. Ne4 Qe7 16. 0-0 0-0-0 17. h4 c5 18. a4 b4 19. Qe2 Rxd4 20. Rad1 Qc7 21. Ng5 Bxg2 22. Kxg2 Qc6+ 23. f3 Rf8 24. Rc1 Qd7 25. Rf2 Qd5 26. Nh7 Rd8 27. Nf6 Qf5 28. Ng4 Nc7 29. Ne3 Qf6 30. Rxc4 Qe5 31. Rxd4 Rxd4 32. Nc2 Qxe2 33. Rxe2 Rd7 34. Ne3 Kd8 35. h5 Nd5 36. Kf2 Nxe3 37. Kxe3 Ke8 38. h6 Kf8 39. g4 Kg8 40. g5 a5 41. f4 Rd5 42. b3 Kh7 43. Rh2 Rf5 44. Ke4 Rd5 45. Rc2 Kg6 46. Rh2 Rd4+ 47. Ke3 Kh7 48. Rd2 Rxd2 49. Kxd2 f6 50. gxf6 Kxh6 51. Kd3 Kg6 52. Kc4 Kxf6 53. Kxc5 e5 54. fxe5+ Kxe5 55. Kb5 Kd4 56. Kxa5 Kc3 57. Kb5 Kxb3 58. a5 Kc3 59. a6 b3 60. a7 b2 61. a8Q b1Q+ 62. Kc5 Qb4+ 1/2-1/2

[Event "WC-2017-P-00017"]
[Site "LSS email"]
[Date "2017.01.23"]
[Round "?"]
[White "Sukhanov, Sergey"]
[Black "Vio, Mauro"]
[Result "1-0"]
[WhiteElo "2099"]
[BlackElo "1423"]
[PlyCount "57"]
[EventDate "2017.02.01"]
[EventType "tourn (corr)"]
[EventRounds "12"]
[EventCountry "GER"]
[SourceTitle "Corr 2022"]
[Source "ChessBase"]
[SourceDate "2021.10.24"]
[SourceVersion "1"]
[SourceVersionDate "2021.10.24"]
[SourceQuality "1"]

1. d4 Nf6 2. c4 e6 3. Nc3 Bb4 4. f3 d5 5. a3 Bxc3+ 6. bxc3 0-0 7. cxd5 Nxd5 8. e4 Nxc3 9. Qb3 Nxe4 10. fxe4 Qxd4 11. Qb1 Nc6 12. Nf3 Qc5 13. Bd2 Nd4 14. Qc1 Nxf3+ 15. gxf3 Qh5 16. Rg1 Qxh2 17. Qc5 Qh4+ 18. Qf2 Qxf2+ 19. Kxf2 Rd8 20. Bg5 Rd7 21. Bf6 g6 22. Be2 Kf8 23. f4 h5 24. a4 b6 25. Bb5 Rd2+ 26. Ke3 Rh2 27. Bc6 Rb8 28. Rgd1 Ba6 29. Rd7 1-0

[Event "SC-2016-0-00287"]
[Site "LSS email"]
[Date "2016.04.05"]
[Round "?"]
[White "Sukhanov, Sergey"]
[Black "Kerecsenyi, Zoltan"]
[Result "1-0"]
[WhiteElo "1948"]
[BlackElo "1592"]
[PlyCount "63"]
[EventDate "2016.01.28"]
[EventType "tourn (corr)"]
[EventRounds "6"]
[EventCountry "GER"]
[SourceTitle "Corr 2022"]
[Source "ChessBase"]
[SourceDate "2021.10.24"]
[SourceVersion "1"]
[SourceVersionDate "2021.10.24"]
[SourceQuality "1"]

1. e4 b6 2. d4 Bb7 3. Bd3 e6 4. c4 Bb4+ 5. Bd2 Bxd2+ 6. Nxd2 Ne7 7. Ne2 0-0 8. Rc1 d6 9. 0-0 Nd7 10. a3 c5 11. d5 e5 12. Nc3 a6 13. Rb1 Ng6 14. g3 Nf6 15. Re1 Bc8 16. Nf1 h5 17. h4 Ra7 18. Ne3 Ne7 19. Be2 g6 20. b4 Kg7 21. Qd2 Bd7 22. bxc5 dxc5 23. f4 exf4 24. gxf4 Neg8 25. Qb2 Rb7 26. e5 Ng4 27. Bxg4 hxg4 28. Ne4 Qxh4 29. e6+ f6 30. Nxc5 Qg3+ 31. Ng2 Rc7 32. Qxb6 1-0

[Event "BI-2016-F-0000"]
[Site "LSS email"]
[Date "2016.02.14"]
[Round "?"]
[White "Sukhanov, Sergey"]
[Black "Bergmann, Michael"]
[Result "1/2-1/2"]
[WhiteElo "1948"]
[BlackElo "2501"]
[PlyCount "84"]
[EventDate "2016.02.20"]
[EventType "tourn (corr)"]
[EventRounds "10"]
[EventCountry "GER"]
[SourceTitle "Corr 2022"]
[Source "ChessBase"]
[SourceDate "2021.10.24"]
[SourceVersion "1"]
[SourceVersionDate "2021.10.24"]
[SourceQuality "1"]

1. c4 Nf6 2. d4 e6 3. Nc3 d5 4. cxd5 exd5 5. Bg5 c6 6. e3 h6 7. Bh4 Bf5 8. Qf3 Bg6 9. Bxf6 Qxf6 10. Qxf6 gxf6 11. Nf3 Nd7 12. Nh4 Nb6 13. Be2 0-0-0 14. 0-0 Be7 15. g3 h5 16. Kg2 Kb8 17. Rac1 Rdg8 18. Rfd1 Nc8 19. Nf3 Nb6 20. a3 a6 21. h4 Ka7 22. Nd2 Bf5 23. b4 Be6 24. Rc2 f5 25. Kh2 Bd6 26. Bf3 f4 27. exf4 Re8 28. Re1 Bf8 29. Nd1 Bg7 30. Nb3 Nc4 31. Ra2 Nd6 32. Ne3 Nb5 33. Nc2 Bg4 34. Bxg4 Rxe1 35. Nxe1 hxg4 36. Nc2 Re8 37. Ne3 Nxd4 38. Nxd4 Bxd4 39. Nf5 Bc3 40. Nd6 Rf8 41. Rc2 Bf6 42. Kg2 a5 1/2-1/2

[Event "BI-2016-F-0000"]
[Site "LSS email"]
[Date "2016.02.14"]
[Round "?"]
[White "Sukhanov, Sergey"]
[Black "Berk, Julian"]
[Result "1/2-1/2"]
[WhiteElo "1948"]
[BlackElo "2022"]
[PlyCount "78"]
[EventDate "2016.02.20"]
[EventType "tourn (corr)"]
[EventRounds "10"]
[EventCountry "GER"]
[SourceTitle "Corr 2022"]
[Source "ChessBase"]
[SourceDate "2021.10.24"]
[SourceVersion "1"]
[SourceVersionDate "2021.10.24"]
[SourceQuality "1"]

1. c4 e5 2. Nf3 Nc6 3. e3 Nf6 4. Nc3 Bb4 5. d4 Bxc3+ 6. bxc3 d6 7. Ba3 e4 8. Nd2 b6 9. Be2 0-0 10. h4 Na5 11. g4 Qe7 12. g5 Nd7 13. Qc2 Bb7 14. 0-0-0 f6 15. Rdf1 c5 16. Rhg1 f5 17. Kb2 Rac8 18. Rd1 Qe6 19. Rc1 Ba6 20. Qa4 Rfd8 21. h5 Nf8 22. Rg3 Qd7 23. Qxd7 Rxd7 24. Bb4 Nb7 25. Ba3 d5 26. Bf1 dxc4 27. g6 h6 28. Rg1 Nd6 29. Bh3 Bb5 30. Rh1 Rdd8 31. Nf1 Bd7 32. Rd1 Ba4 33. Rd2 Ne6 34. Ng3 Ng5 35. Nxf5 Nxf5 36. Bxf5 Bd7 37. Bxd7 Rxd7 38. Rdd1 Rcd8 39. Kb1 cxd4 1/2-1/2

[Event "BI-2016-F-0000"]
[Site "LSS email"]
[Date "2016.02.14"]
[Round "?"]
[White "Sukhanov, Sergey"]
[Black "Corti, Horacio"]
[Result "1/2-1/2"]
[WhiteElo "1948"]
[BlackElo "2318"]
[PlyCount "88"]
[EventDate "2016.02.20"]
[EventType "tourn (corr)"]
[EventRounds "10"]
[EventCountry "GER"]
[SourceTitle "Corr 2022"]
[Source "ChessBase"]
[SourceDate "2021.10.24"]
[SourceVersion "1"]
[SourceVersionDate "2021.10.24"]
[SourceQuality "1"]

1. c4 Nf6 2. d4 e6 3. Nc3 Bb4 4. f3 d5 5. a3 Bxc3+ 6. bxc3 c5 7. cxd5 exd5 8. e3 0-0 9. Bd3 b6 10. Ne2 Re8 11. 0-0 Ba6 12. Ng3 Bxd3 13. Qxd3 Nc6 14. Bb2 c4 15. Qe2 b5 16. e4 dxe4 17. fxe4 Nxe4 18. Nxe4 Qd5 19. Rae1 f5 20. Qh5 Rxe4 21. Rxe4 Qxe4 22. Qxf5 Qxf5 23. Rxf5 a6 24. Bc1 Ne7 25. Re5 Ng6 26. Re6 Kf7 27. Rd6 Re8 28. Kf2 Re6 29. Rd7+ Re7 30. Rd8 Re6 31. g3 Rf6+ 32. Kg2 Re6 33. Kf3 Ne7 34. Bf4 Re1 35. d5 Ng8 36. Rd7+ Kg6 37. a4 Nf6 38. Ra7 Rd1 39. Rxa6 bxa4 40. Rxa4 Rd3+ 41. Kg2 Nxd5 42. Rxc4 Nxf4+ 43. Rxf4 Rxc3 44. h4 h5 1/2-1/2

[Event "BI-2016-F-0000"]
[Site "LSS email"]
[Date "2016.02.14"]
[Round "?"]
[White "Sukhanov, Sergey"]
[Black "Salvatore, Carmine"]
[Result "1/2-1/2"]
[WhiteElo "1948"]
[BlackElo "2368"]
[PlyCount "52"]
[EventDate "2016.02.20"]
[EventType "tourn (corr)"]
[EventRounds "10"]
[EventCountry "GER"]
[SourceTitle "Corr 2022"]
[Source "ChessBase"]
[SourceDate "2021.10.24"]
[SourceVersion "1"]
[SourceVersionDate "2021.10.24"]
[SourceQuality "1"]

1. c4 e5 2. Nf3 e4 3. Nd4 Nc6 4. e3 Nxd4 5. exd4 Qf6 6. Nc3 Qxd4 7. Be2 Nf6 8. 0-0 d5 9. d3 exd3 10. cxd5 Bf5 11. Bf3 0-0-0 12. Be3 Qh4 13. Nb5 a6 14. g3 Qb4 15. Nd4 Bh3 16. a3 Qd6 17. Qxd3 Nxd5 18. Rfc1 Nxe3 19. fxe3 Be6 20. Nxe6 Qxe6 21. Bxb7+ Kxb7 22. Qxd8 Qxe3+ 23. Kg2 Qe4+ 24. Kh3 Qf5+ 25. Kg2 Qe4+ 26. Kh3 Qf5+ 1/2-1/2

[Event "BI-2016-F-0000"]
[Site "LSS email"]
[Date "2016.02.14"]
[Round "?"]
[White "Sukhanov, Sergey"]
[Black "Salzmann, Stefan"]
[Result "1/2-1/2"]
[WhiteElo "1948"]
[BlackElo "2360"]
[PlyCount "90"]
[EventDate "2016.02.20"]
[EventType "tourn (corr)"]
[EventRounds "10"]
[EventCountry "GER"]
[SourceTitle "Corr 2022"]
[Source "ChessBase"]
[SourceDate "2021.10.24"]
[SourceVersion "1"]
[SourceVersionDate "2021.10.24"]
[SourceQuality "1"]

1. c4 Nf6 2. d4 e6 3. Nc3 Bb4 4. f3 d5 5. a3 Bxc3+ 6. bxc3 c5 7. cxd5 Nxd5 8. dxc5 Qa5 9. e4 Ne7 10. Be3 0-0 11. Qb3 Qc7 12. Bb5 Nec6 13. Rd1 e5 14. Ne2 Be6 15. Qb2 Na5 16. Ng3 a6 17. Be2 Nd7 18. Nf5 Nxc5 19. Bxc5 Qxc5 20. Qb4 Nb3 21. Ne7+ Kh8 22. Nd5 Qxb4 23. axb4 Rac8 24. Kf2 Bxd5 25. exd5 Rxc3 26. Rd3 Rxd3 27. Bxd3 g6 28. Ke3 Rc8 29. f4 exf4+ 30. Kxf4 Nc1 31. Rd1 Na2 32. Be4 Nxb4 33. d6 f6 34. Bxb7 Rd8 35. g4 Kg7 36. d7 a5 37. g5 h6 38. gxh6+ Kxh6 39. Be4 Kh7 40. h4 Kg7 41. h5 gxh5 42. Ra1 Rxd7 43. Rxa5 Nd3+ 44. Bxd3 Rxd3 45. Rxh5 Rc3 1/2-1/2